शिवस्वरुप बाबा हैडाखान/ (Record no. 210811)
[ view plain ]
| 000 -LEADER | |
|---|---|
| fixed length control field | 00917nam a22001817a 4500 |
| 005 - DATE AND TIME OF LATEST TRANSACTION | |
| control field | 20250404124236.0 |
| 010 ## - LCCN (DPL NO) | |
| LC control number | HIN-1129622 |
| 020 ## - INTERNATIONAL STANDARD BOOK NUMBER | |
| International Standard Book Number | 9788171248445 |
| Terms of availability | 300.00 |
| 035 ## - SYSTEM CONTROL NUMBER | |
| System control number | HN-101968 |
| 037 ## - SOURCE OF ACQUISITION | |
| Source of stock number/acquisition | DBAD |
| 082 ## - DEWEY DECIMAL CLASSIFICATION NUMBER | |
| Classification number | 921 |
| 100 ## - MAIN ENTRY--PERSONAL NAME | |
| Personal name | श्रीवास्तव,सद्गुरुप्रसाद |
| 245 ## - TITLE STATEMENT | |
| Title | शिवस्वरुप बाबा हैडाखान/ |
| Statement of responsibility, etc | सद्गुरुप्रसाद श्रीवास्तव |
| Medium | हिन्दी |
| 260 ## - PUBLICATION, DISTRIBUTION, ETC. (IMPRINT) | |
| Place of publication, distribution, etc | वाराणसी |
| Name of publisher, distributor, etc | विश्वविद्यालय प्रकाशन |
| Date of publication, distribution, etc | 2023 |
| 270 ## - ADDRESS | |
| Address | विशालाक्षी भवन, चौक, |
| City | वाराणसी (उ.प्र.) |
| Postal code | 221001 |
| Telephone number | 915422413741 |
| Fax number | 2413082 |
| Electronic mail address | sales@vvpbooks.com |
| 300 ## - PHYSICAL DESCRIPTION | |
| Extent | 110पृ. |
| Dimensions | 22सेमी (सजिल्द ) |
| 942 ## - ADDED ENTRY ELEMENTS (KOHA) | |
| Source of classification or shelving scheme | Dewey Decimal Classification |
| Item type | Hindi Books |
| Classification part | 921 |
| Call number suffix | श्रीवास्तव |
| Edition | प्रथम |
| Withdrawn status | Lost status | Not for loan | Home library | Current library | Date acquired | Source of acquisition | Cost, normal purchase price | Full call number | Barcode | Copy number | Cost, replacement price | Koha item type |
|---|---|---|---|---|---|---|---|---|---|---|---|---|
| Patel Nagar | Patel Nagar | 04/04/2025 | DBAD | 300.00 | 921 श्रीवास्तव | HN-101968 | 1 | 300.00 | Hindi Books |
